| 000 | 00364nam a22001571a 4500 | ||
|---|---|---|---|
| 020 | _a9788181436894 | ||
| 082 |
_aH2 _bKAI/S |
||
| 100 | _aKailash Chandra | ||
| 245 |
_aSavithri 2007/ _cby Kailash Chandra |
||
| 260 |
_aNew Delhi: _bVani, _c2007. |
||
| 300 | _a64p. | ||
| 650 | _aDrama Hindi | ||
| 650 | _aLiterature Hindi | ||
| 650 | _aLiterature | ||
| 942 | _cBK | ||
| 999 |
_c40936 _d40936 |
||